| 000 | 00918cab a2200181 4500 | ||
|---|---|---|---|
| 001 | ##L134359 | ||
| 008 | 060731n2006 000 0 eng u | ||
| 035 | _a(Sirsi) u134359 | ||
| 041 | 0 | _aeng | |
| 245 | 0 | 0 | _aField of dreams |
| 260 | _c2006 | ||
| 490 | 0 |
_aEconomist _v380(8488) 29 July 2006, 27-28(2) |
|
| 520 | _aComments on the new type of suburb typified by Upton and Poundbury, traditionalist developments with densely packed houses and old-style architecture. Discusses why planners and the UK government are keen on developing more of these suburbs, rather than the usual semi-detached, two-storey homes on roads laid out with roundabouts and cul-de-sacs. Argues that a slump in the housing market will prove that these suburbs are not popular with buyers. | ||
| 590 | _aIKA010806 | ||
| 651 | 4 |
_aEngland _y886- |
|
| 690 | _aPROPERTY-RESIDENTIAL PROPERTY-DOMESTIC RESIDENTIAL PROPERTY-HOUSING | ||
| 942 | _n0 | ||
| 999 |
_c77477 _d77477 |
||